| 000 | 00536aam a2200181 4500 | ||
|---|---|---|---|
| 003 | IeDuTC | ||
| 005 | 20181127162927.0 | ||
| 008 | 020812s2000 enk 001 0 eng | ||
| 020 | _a0826447961(pbk.) | ||
| 100 | 1 | _aGillham, Bill. | |
| 245 | 1 | 0 |
_aCase study research methods / _cBill Gillham. |
| 260 |
_aLondon : _bContinuum, _c2000. |
||
| 300 |
_avi, 106 p. ; _c22 cm. |
||
| 440 | 0 | _aContinuum-Viva Research Methods | |
| 504 | _aIncludes bibliographical references and index. | ||
| 650 | 0 | _aCase method. | |
| 650 | 0 |
_aResearch _xMethodology. |
|
| 999 |
_c862 _d862 |
||